[Event "XVI Festival A"]
[Site "Padova ITA"]
[Date "2013.12.18"]
[Round "5"]
[White "Solodovnichenko, Yuri"]
[Black "Mogranzini, Roberto"]
[WhiteElo "2586"]
[BlackElo "2506"]
[Result "1-0"]
[PlyCount "67"]
[EventDate "2013.12.15"]

1. e4 c5 2. Nf3 d6 3. d4 cxd4 4. Nxd4 Nf6 5. Nc3 g6 6. Be3 Bg7 7. f3 a6 8. Qd2
h5 9. Be2 Nbd7 10. O-O Qc7 11. Kh1 b6 12. f4 Bb7 13. f5 gxf5 14. Nxf5 Bf8 15.
Nd5 Nxd5 16. exd5 Ne5 17. c4 e6 18. Ng3 h4 19. Ne4 Be7 20. h3 Rg8 21. Rac1 f5
22. Ng5 Bxg5 23. Bh5+ Kd7 24. Bxg5 Raf8 25. Rf2 Qc8 26. b4 exd5 27. Re2 d4 28.
c5 bxc5 29. bxc5 d3 30. Rxe5 Rxg5 31. Re7+ Kxe7 32. Qxg5+ Ke6 33. Re1+ Kd5 34.
Bf3+ 1-0

[Event "XVI Festival A"]
[Site "Padova ITA"]
[Date "2013.12.19"]
[Round "6"]
[White "Borgo, Giulio"]
[Black "Moskalenko, Viktor"]
[WhiteElo "2369"]
[BlackElo "2538"]
[Result "1/2-1/2"]
[PlyCount "141"]
[EventDate "2013.12.15"]

1. Nf3 f5 2. e4 fxe4 3. Ng5 d5 4. d3 Qd6 5. Nc3 Na6 6. dxe4 h6 7. Bxa6 hxg5 8.
Be2 dxe4 9. Bh5+ Kd8 10. Bxg5 Bd7 11. Qxd6 cxd6 12. Bg6 Nf6 13. Nxe4 Bc6 14. f3
Nxe4 15. fxe4 Be8 16. Bf5 g6 17. Be6 Bh6 18. Bxh6 Rxh6 19. O-O-O Bc6 20. Bd5
Kd7 21. h3 Rh5 22. Rhf1 Rg5 23. g4 Rh8 24. Rf3 Re5 25. Ra3 a6 26. Rad3 Rf8 27.
b3 g5 28. a4 a5 29. R1d2 Kc7 30. Rc3 Rf4 31. Rcd3 Kb6 32. Kb2 Rf1 33. Kc3 Kc5
34. Kb2 Rh1 35. Rc3+ Kb6 36. Rf3 Bd7 37. Rdd3 Re1 38. Rf7 Bc6 39. Rf5 Bxd5 40.
Rxe5 dxe5 41. Rxd5 Rxe4 42. Rd7 Kc6 43. Rxe7 Re3 44. Rg7 Rxh3 45. Rxg5 Kd5 46.
Rg7 b6 47. Rd7+ Kc5 48. Rd3 Rh4 49. Rg3 Kd4 50. g5 Rh7 51. Rd3+ Ke4 52. Rd6 Rb7
53. Rf6 Ke3 54. g6 Rg7 55. Rxb6 e4 56. b4 axb4 57. Kb3 Kf2 58. Rf6+ Ke2 59. Re6
e3 60. Kxb4 Kd2 61. c4 e2 62. Rd6+ Kc2 63. Re6 Kd2 64. c5 Rxg6 65. Rxe2+ Kxe2
66. Kb5 Rg1 67. c6 Rb1+ 68. Ka6 Rc1 69. Kb6 Rb1+ 70. Ka6 Rc1 71. Kb6 1/2-1/2

[Event "XVI Festival A"]
[Site "Padova ITA"]
[Date "2013.12.19"]
[Round "6"]
[White "De Santis, Alessio"]
[Black "Sanchez, Joseph"]
[WhiteElo "2282"]
[BlackElo "2534"]
[Result "0-1"]
[PlyCount "154"]
[EventDate "2013.12.15"]

1. d4 d5 2. c4 c6 3. Nc3 Nf6 4. e3 a6 5. Nf3 Bf5 6. Bd3 Bg6 7. O-O e6 8. Qe2
Be7 9. e4 O-O 10. Rd1 dxc4 11. Bxc4 b5 12. Bb3 b4 13. e5 bxc3 14. exf6 Bxf6 15.
bxc3 Qa5 16. Ne5 Qxc3 17. Bb2 Qb4 18. Rac1 a5 19. Rc4 Qe7 20. Ba4 Ra6 21. Rdc1
Rb6 22. Bc3 Qa3 23. Bxa5 Rb2 24. Qe3 Qxe3 25. fxe3 Be4 26. Nf3 Rxa2 27. Bb4
Rxa4 28. Bxf8 Rxc4 29. Rxc4 Kxf8 30. Nd2 Bd3 31. Rc3 Bb5 32. Ne4 Be7 33. Nc5
Bxc5 34. Rxc5 f5 35. Kf2 Nd7 36. Rc1 Ke7 37. Ra1 e5 38. Ra7 Ke6 39. h4 Bd3 40.
g3 h5 41. Ke1 g6 42. Kd2 Bb5 43. Ke1 Bc4 44. Rc7 Bd5 45. Ra7 Nb6 46. Kf2 Nc8
47. Rg7 Kf6 48. Rd7 exd4 49. exd4 Ke6 50. Rd8 Nd6 51. Ke3 Ke7 52. Rb8 Nb5 53.
Rb7+ Kf6 54. Rd7 Be6 55. Rb7 Nc3 56. Ra7 Bd5 57. Rd7 Ne4 58. Kf4 g5+ 59. hxg5+
Nxg5 60. Ke3 Ne6 61. Rh7 Kg5 62. Rh8 Kg4 63. Rg8+ Ng5 64. Rg7 h4 65. gxh4 f4+
66. Kf2 Kxh4 67. Ke2 Ne6 68. Rh7+ Kg3 69. Rh6 Nxd4+ 70. Kf1 Be4 71. Rh8 Bd3+
72. Kg1 Bc4 73. Rh6 Nf3+ 74. Kh1 Ne5 75. Rh7 f3 76. Rg7+ Ng4 77. Rh7 Bd5 0-1

[Event "XVI Festival A"]
[Site "Padova ITA"]
[Date "2013.12.19"]
[Round "6"]
[White "Kovacevic, Blazimir"]
[Black "Dappiano, Andrea"]
[WhiteElo "2437"]
[BlackElo "2182"]
[Result "1-0"]
[PlyCount "127"]
[EventDate "2013.12.15"]

1. Nf3 Nf6 2. c4 c5 3. Nc3 Nc6 4. d4 cxd4 5. Nxd4 g6 6. e4 d6 7. Be2 Bg7 8. Be3
O-O 9. O-O Bd7 10. Qd2 Qa5 11. Nb3 Qb4 12. Qc2 Na5 13. Nd2 Nc6 14. a3 Qa5 15.
b4 Qd8 16. h3 Ne8 17. Nf3 Nc7 18. Rad1 Ne6 19. Nd5 Rc8 20. Qd2 Re8 21. Rc1 b6
22. Rfd1 Ne5 23. Nxe5 dxe5 24. Nxb6 axb6 25. Qxd7 Nd4 26. Qxd8 Rexd8 27. Bf1
Rc7 28. Rd3 e6 29. c5 bxc5 30. Rxc5 Rxc5 31. bxc5 Rc8 32. Rc3 Rc6 33. a4 Bf8
34. Bg5 Rxc5 35. Rxc5 Bxc5 36. Bf6 Bd6 37. a5 Kf8 38. a6 Bb8 39. Bxe5 Ba7 40.
Bf6 Ke8 41. g4 Kd7 42. Kg2 Nc6 43. Kf3 Kc7 44. Bh4 Bc5 45. Kf4 Bd6+ 46. Ke3 Kb6
47. f3 Bc5+ 48. Kd2 Nb4 49. Bd8+ Ka7 50. Bb5 Nxa6 51. Be8 f5 52. Bf7 fxe4 53.
fxe4 e5 54. g5 Bf8 55. Bg8 Nc5 56. Bxh7 Ne6 57. Bf6 Nf4 58. h4 Bd6 59. Bxg6
Nxg6 60. h5 Nf4 61. h6 Ng6 62. h7 Kb7 63. h8=Q Nxh8 64. Bxh8 1-0

[Event "XVI Festival A"]
[Site "Padova ITA"]
[Date "2013.12.19"]
[Round "6"]
[White "Mogranzini, Roberto"]
[Black "Sibilio, Mario"]
[WhiteElo "2506"]
[BlackElo "2314"]
[Result "1/2-1/2"]
[PlyCount "69"]
[EventDate "2013.12.15"]

1. c4 Nf6 2. g3 e5 3. Bg2 c6 4. d4 Bb4+ 5. Bd2 Bxd2+ 6. Qxd2 d6 7. Nc3 O-O 8.
e3 exd4 9. Qxd4 c5 10. Qd2 Nc6 11. h3 Re8 12. Nge2 Bf5 13. b3 Qd7 14. g4 Ne4
15. Nxe4 Bxe4 16. Bxe4 Rxe4 17. O-O-O Rd8 18. Nc3 Ree8 19. f4 a6 20. Rhe1 b5
21. Qd3 Nb4 22. Qf1 bxc4 23. Qxc4 d5 24. Qxc5 Nxa2+ 25. Kb2 Nxc3 26. Qxc3 Re4
27. Rd3 Qb5 28. Red1 h6 29. R1d2 Qb6 30. Rd4 Qe6 31. Rxe4 Qxe4 32. Qd4 Qf3 33.
e4 Qxf4 34. exd5 Qd6 35. Ka2 1/2-1/2

[Event "XVI Festival A"]
[Site "Padova ITA"]
[Date "2013.12.19"]
[Round "6"]
[White "Rombaldoni, Axel"]
[Black "Caprio, Guido"]
[WhiteElo "2527"]
[BlackElo "2423"]
[Result "0-1"]
[PlyCount "82"]
[EventDate "2013.12.15"]

1. c4 e6 2. Nf3 Nf6 3. g3 d5 4. Bg2 Be7 5. O-O O-O 6. b3 b6 7. Bb2 Bb7 8. cxd5
Nxd5 9. Na3 c5 10. Nc4 Nc6 11. d4 cxd4 12. Nxd4 Bf6 13. Nxc6 Bxc6 14. Bxf6 Qxf6
15. e4 Ne7 16. Qd6 Rfd8 17. Qa3 Ng6 18. Rac1 Qd4 19. Ne3 Qd7 20. Rc3 Ne5 21. h3
Qd4 22. b4 Ba4 23. Rc7 Qd6 24. Rfc1 b5 25. Qc3 Nd3 26. e5 Nxc1 27. exd6 Ne2+
28. Kf1 Nxc3 29. Bxa8 Nxa2 30. Ng4 f6 31. d7 Kf7 32. Rxa7 Nxb4 33. Be4 h6 34.
Rc7 Ke7 35. Bg6 Rxd7 36. Rc8 Nd5 37. Ra8 Bb3 38. Be8 Bc4+ 39. Ke1 Rd8 40. Rxd8
Kxd8 41. Bc6 Nb4 0-1

[Event "XVI Festival A"]
[Site "Padova ITA"]
[Date "2013.12.19"]
[Round "6"]
[White "Solodovnichenko, Yuri"]
[Black "Georgiev, Kiril D."]
[WhiteElo "2586"]
[BlackElo "2648"]
[Result "1/2-1/2"]
[PlyCount "49"]
[EventDate "2013.12.15"]

1. e4 e5 2. Nf3 Nc6 3. Bb5 Nf6 4. O-O Nxe4 5. d4 Nd6 6. Bxc6 dxc6 7. dxe5 Nf5
8. Qxd8+ Kxd8 9. Nc3 Ke8 10. h3 h5 11. Bf4 Be7 12. Rad1 Be6 13. Ng5 Rh6 14.
Rfe1 h4 15. Nxe6 Rxe6 16. Ne4 b6 17. Ng5 Rg6 18. Nf3 Rd8 19. Kf1 c5 20. e6 Rxe6
21. Bxc7 Rxd1 22. Rxd1 b5 23. Bf4 Re4 24. Bb8 a6 25. b3 1/2-1/2

[Event "XVI Festival A"]
[Site "Padova ITA"]
[Date "2013.12.20"]
[Round "7"]
[White "Caprio, Guido"]
[Black "Rozentalis, Eduardas"]
[WhiteElo "2423"]
[BlackElo "2622"]
[Result "1/2-1/2"]
[PlyCount "79"]
[EventDate "2013.12.15"]

1. d4 Nf6 2. c4 e6 3. Nc3 Bb4 4. e3 b6 5. Nge2 Bb7 6. a3 Bd6 7. d5 O-O 8. g3 a6
9. Bg2 b5 10. Qb3 c6 11. O-O Qc7 12. e4 bxc4 13. Qxc4 a5 14. Rd1 Ba6 15. Qd4 e5
16. Qd2 Bc5 17. Na4 Ba7 18. d6 Qb7 19. Bf3 Bc4 20. Re1 Na6 21. Qxa5 Qb5 22.
Qxb5 cxb5 23. Nac3 Nc5 24. Be3 Nd3 25. Reb1 Bxe3 26. fxe3 Nc5 27. Nc1 Rfb8 28.
b3 Be6 29. b4 Na4 30. Nxa4 Rxa4 31. Nd3 Rba8 32. Rc1 g5 33. Rc3 Kg7 34. Nxe5
Rxb4 35. Nd3 Rc4 36. Rxc4 bxc4 37. e5 Nd5 38. Nb4 Ra5 39. Bxd5 Bxd5 40. Nxd5
1/2-1/2

[Event "XVI Festival A"]
[Site "Padova ITA"]
[Date "2013.12.20"]
[Round "7"]
[White "Georgiev, Kiril D."]
[Black "Petkov, Vladimir"]
[WhiteElo "2648"]
[BlackElo "2558"]
[Result "1/2-1/2"]
[PlyCount "73"]
[EventDate "2013.12.15"]

1. Nf3 d5 2. d4 Nf6 3. c4 e6 4. Nc3 c5 5. cxd5 Nxd5 6. e4 Nxc3 7. bxc3 cxd4 8.
cxd4 Bb4+ 9. Bd2 Bxd2+ 10. Qxd2 O-O 11. Bc4 Nd7 12. O-O b6 13. a4 Bb7 14. Rfe1
Rc8 15. Bd3 a5 16. h3 h6 17. Rab1 Rc7 18. Qf4 Rc3 19. Bb5 Nf6 20. Qe5 Qb8 21.
Nd2 Rd8 22. Qxb8 Rxb8 23. f3 Bc6 24. Bxc6 Rxc6 25. Rec1 Rbc8 26. Rxc6 Rxc6 27.
Kf2 g5 28. g4 Nd7 29. Ke2 Rc2 30. Kd3 Ra2 31. Rc1 Rxa4 32. Rc7 Ra3+ 33. Kc2 Nf6
34. Rb7 Ra2+ 35. Kc3 Ra3+ 36. Kc2 Ra2+ 37. Kc3 1/2-1/2

[Event "XVI Festival A"]
[Site "Padova ITA"]
[Date "2013.12.20"]
[Round "7"]
[White "Godena, Michele"]
[Black "Solodovnichenko, Yuri"]
[WhiteElo "2509"]
[BlackElo "2586"]
[Result "1/2-1/2"]
[PlyCount "97"]
[EventDate "2013.12.15"]

1. e4 d6 2. d4 Nf6 3. Bd3 e5 4. Nf3 Nbd7 5. c3 d5 6. dxe5 dxe4 7. exf6 exf3 8.
Qxf3 Ne5 9. Bb5+ c6 10. Qe3 Qxf6 11. Be2 Be6 12. Nd2 Be7 13. O-O O-O 14. Ne4
Qg6 15. Ng3 Nc4 16. Qf4 Nb6 17. Bh5 Qf6 18. Qxf6 Bxf6 19. Ne4 Be7 20. b3 Nd5
21. Bd2 Rad8 22. Rad1 Rd7 23. c4 Nb4 24. Bxb4 Bxb4 25. Ng5 Bf5 26. Rxd7 Bxd7
27. Rd1 Bf5 28. Bf3 Re8 29. g4 Bc8 30. Ne4 f5 31. gxf5 Bxf5 32. Nd6 Bxd6 33.
Rxd6 Bh3 34. Rd1 Re5 35. Kh1 Kf7 36. Bg2 Bg4 37. f3 Bf5 38. Bf1 Ke7 39. Kg1 Ra5
40. Rd2 Ra3 41. Rb2 c5 42. Kf2 Kf6 43. f4 Ra6 44. Bg2 Rd6 45. Bxb7 Rd4 46. Ke3
Rd3+ 47. Kf2 Rd4 48. Ke3 Rd3+ 49. Kf2 1/2-1/2

[Event "XVI Festival A"]
[Site "Padova ITA"]
[Date "2013.12.20"]
[Round "7"]
[White "Moskalenko, Viktor"]
[Black "Bruno, Fabio"]
[WhiteElo "2538"]
[BlackElo "2414"]
[Result "0-1"]
[PlyCount "88"]
[EventDate "2013.12.15"]

1. d4 Nf6 2. c4 e6 3. Nc3 Bb4 4. f3 c5 5. d5 O-O 6. e4 d6 7. Nge2 b5 8. Ng3
exd5 9. cxd5 a6 10. Be2 Nbd7 11. O-O c4 12. Kh1 Re8 13. a4 Rb8 14. axb5 axb5
15. Nf5 Ne5 16. Nd4 Bd7 17. Bg5 Qb6 18. Nc2 Bc5 19. Qd2 Ra8 20. Rxa8 Rxa8 21.
f4 Neg4 22. Bxf6 Nxf6 23. e5 Ne8 24. Ne4 Rd8 25. e6 fxe6 26. Ng5 Nf6 27. dxe6
Be8 28. Bf3 d5 29. f5 h6 30. e7 Bxe7 31. Ne6 Rd7 32. Ncd4 Bf7 33. g4 Ne4 34.
Qg2 Bf6 35. Ne2 Bxe6 36. fxe6 Qxe6 37. Nf4 Qe5 38. Nxd5 Rxd5 39. Bxe4 Rd2 40.
Qxd2 Qxe4+ 41. Kg1 Qxg4+ 42. Kh1 Qe4+ 43. Kg1 Bd4+ 44. Rf2 Qe3 0-1

[Event "XVI Festival A"]
[Site "Padova ITA"]
[Date "2013.12.20"]
[Round "7"]
[White "Rombaldoni, Denis"]
[Black "Dvirnyy, Danyyil"]
[WhiteElo "2462"]
[BlackElo "2560"]
[Result "1/2-1/2"]
[PlyCount "68"]
[EventDate "2013.12.15"]

1. d4 d5 2. c4 dxc4 3. Nf3 Nf6 4. e3 e6 5. Bxc4 c5 6. O-O a6 7. Bd3 Nc6 8. Nc3
Be7 9. dxc5 Bxc5 10. a3 Bd6 11. b4 Ne5 12. Nxe5 Bxe5 13. Bb2 Bd7 14. f4 Bxc3
15. Bxc3 Bc6 16. Qe2 Ne4 17. Bd4 O-O 18. Qg4 g6 19. Rfd1 Qd5 20. Rac1 Rac8 21.
Qh3 h5 22. g4 Nd2 23. Kf2 e5 24. fxe5 Ne4+ 25. Bxe4 Qxe4 26. gxh5 Rcd8 27. Qg3
Qf5+ 28. Qf4 Qxh5 29. h4 f6 30. exf6 Rxf6 31. Bxf6 Rxd1 32. Qc4+ Kf8 33. Qc5+
Qxc5 34. Rxc5 Rd5 1/2-1/2

[Event "XVI Festival A"]
[Site "Padova ITA"]
[Date "2013.12.20"]
[Round "7"]
[White "Sanchez, Joseph"]
[Black "Borgo, Giulio"]
[WhiteElo "2534"]
[BlackElo "2369"]
[Result "0-1"]
[PlyCount "122"]
[EventDate "2013.12.15"]

1. e4 e6 2. d4 d5 3. Nc3 Nc6 4. Nf3 Nf6 5. Bd3 Bb4 6. e5 Ne4 7. Bd2 Nxd2 8.
Qxd2 O-O 9. a3 Ba5 10. O-O f6 11. exf6 Qxf6 12. Bb5 Ne7 13. Nxd5 Nxd5 14. Qxa5
Nf4 15. Qc3 Bd7 16. Bc4 Bc6 17. Rfe1 Rae8 18. Re3 Qf5 19. Bf1 Nd5 20. Qd2 Nxe3
21. fxe3 Bxf3 22. gxf3 Qg5+ 23. Kf2 Qh4+ 24. Kg2 Qg5+ 25. Kf2 Qh4+ 26. Kg2 e5
27. Qf2 Qg5+ 28. Kh1 exd4 29. exd4 Kh8 30. Bd3 Qf4 31. Rf1 Re3 32. Kg2 Qxd4 33.
Re1 Rfe8 34. Rxe3 Qxe3 35. Qh4 Qd2+ 36. Kh3 Qh6 37. Qxh6 gxh6 38. Kg4 Re5 39.
f4 Rc5 40. h3 Kg7 41. Kf3 a5 42. a4 b6 43. b3 h5 44. Ke4 h4 45. Kd4 Rc6 46. Ke5
Rd6 47. f5 h6 48. Bc4 Rc6 49. Kd5 Rc5+ 50. Ke6 Kf8 51. Bd3 Rc3 52. f6 Rc6+ 53.
Ke5 Rc5+ 54. Ke6 Rg5 55. Bf5 Rg3 56. Kd7 Rf3 57. Bg4 Rc3 58. Be6 Rxc2 59. Bc4
Rc3 60. Kxc7 Rxh3 61. Kxb6 Rf3 0-1

[Event "XVI Festival A"]
[Site "Padova ITA"]
[Date "2013.12.20"]
[Round "7"]
[White "Sibilio, Mario"]
[Black "Rombaldoni, Axel"]
[WhiteElo "2314"]
[BlackElo "2527"]
[Result "0-1"]
[PlyCount "60"]
[EventDate "2013.12.15"]

1. Nf3 Nf6 2. c4 g6 3. b3 Bg7 4. Bb2 O-O 5. g3 d6 6. Bg2 e5 7. d3 Nc6 8. O-O
Re8 9. Nc3 e4 10. Nxe4 Nxe4 11. Bxg7 Nxg3 12. fxg3 Kxg7 13. Qd2 Bg4 14. e3 Rb8
15. Ne1 Qg5 16. Nc2 Re7 17. Rf4 Rbe8 18. Raf1 Nd8 19. e4 Ne6 20. Qc3+ Kg8 21.
R4f2 Qh6 22. h4 c6 23. d4 Ng7 24. Rf6 Rd8 25. Ne3 Bc8 26. e5 dxe5 27. d5 Nh5
28. d6 Ree8 29. c5 Nxf6 30. Rxf6 Qg7 0-1

[Event "XVI Festival A"]
[Site "Padova ITA"]
[Date "2013.12.21"]
[Round "8"]
[White "Aghayev, Miragha"]
[Black "Manca, Federico"]
[WhiteElo "2350"]
[BlackElo "2402"]
[Result "1/2-1/2"]
[PlyCount "64"]
[EventDate "2013.12.15"]

1. e4 e5 2. Nf3 Nc6 3. d4 exd4 4. Nxd4 Nf6 5. Nxc6 bxc6 6. Qe2 d5 7. exd5+ Be7
8. dxc6 O-O 9. Qd3 Qe8 10. Be2 Qxc6 11. O-O Rd8 12. Bf3 Qe8 13. Qe2 Rb8 14. c4
Bf5 15. Re1 Bc5 16. Qxe8+ Rxe8 17. Rxe8+ Rxe8 18. Be3 Bxe3 19. fxe3 Rxe3 20.
Nc3 Be6 21. Nd5 Bxd5 22. cxd5 g5 23. h3 h5 24. Kf2 Re5 25. g4 h4 26. Rc1 Nxd5
27. Bxd5 Rxd5 28. Rxc7 Rd2+ 29. Kg1 Rd1+ 30. Kg2 Rd2+ 31. Kg1 Rd1+ 32. Kg2 Rd2+
1/2-1/2

[Event "XVI Festival A"]
[Site "Padova ITA"]
[Date "2013.12.21"]
[Round "8"]
[White "Borgo, Giulio"]
[Black "Rombaldoni, Denis"]
[WhiteElo "2369"]
[BlackElo "2462"]
[Result "1-0"]
[PlyCount "99"]
[EventDate "2013.12.15"]

1. e4 c6 2. d4 d5 3. Nd2 dxe4 4. Nxe4 Bf5 5. Ng3 Bg6 6. Nh3 Nf6 7. Nf4 Nbd7 8.
Bc4 e6 9. O-O Nd5 10. Re1 Be7 11. c3 a5 12. a4 N7b6 13. Bf1 Nxf4 14. Bxf4 Nd5
15. Bc1 h5 16. Be2 h4 17. Nf1 Bg5 18. Bf3 Bxc1 19. Rxc1 Nf4 20. Re3 Qg5 21. Nd2
O-O-O 22. Qf1 Rh6 23. Rce1 Bf5 24. Nc4 Bg4 25. Ne5 Bxf3 26. Rxf3 Rf6 27. Nd3
Nxd3 28. Qxd3 Rg6 29. g3 f5 30. Qe3 Qh5 31. Qe2 Rh8 32. Re3 hxg3 33. fxg3 Qh6
34. Rxe6 Rxg3+ 35. Kh1 Qh5 36. Re8+ Qxe8 37. Qxe8+ Rxe8 38. Rxe8+ Kd7 39. Rb8
Rg6 40. Rxb7+ Kd6 41. Ra7 f4 42. Rxa5 Rg4 43. Re5 g6 44. Re1 Kd5 45. a5 f3 46.
a6 Rf4 47. a7 Rf8 48. Re5+ Kc4 49. Kg1 Kb3 50. Re7 1-0

[Event "XVI Festival A"]
[Site "Padova ITA"]
[Date "2013.12.21"]
[Round "8"]
[White "Bruno, Fabio"]
[Black "Solodovnichenko, Yuri"]
[WhiteElo "2414"]
[BlackElo "2586"]
[Result "1/2-1/2"]
[PlyCount "115"]
[EventDate "2013.12.15"]

1. Nf3 d5 2. d4 Nf6 3. c4 e6 4. Nc3 c6 5. g3 dxc4 6. Bg2 b5 7. Ne5 a6 8. a4 Bb7
9. O-O Qc8 10. e4 Nbd7 11. Bf4 Nxe5 12. Bxe5 Nd7 13. Bf4 Be7 14. Qg4 h5 15. Qe2
e5 16. dxe5 g5 17. Bh3 g4 18. Bg2 Nc5 19. axb5 axb5 20. Rxa8 Bxa8 21. Ra1 Bb7
22. Qc2 Qe6 23. Ne2 Nb3 24. Rd1 O-O 25. Nd4 Nxd4 26. Rxd4 Rd8 27. Rxd8+ Bxd8
28. h3 gxh3 29. Qd1 Bc7 30. Bf1 h4 31. Qh5 hxg3 32. Bxg3 Bc8 33. Qg5+ Qg6 34.
Qe7 Bb6 35. Kh2 Bg4 36. Qh4 Be6 37. Be2 b4 38. Bh5 Qg7 39. Bd1 b3 40. f4 c3 41.
bxc3 b2 42. Bc2 Qg4 43. Qxg4+ Bxg4 44. f5 Bc7 45. Bb1 c5 46. c4 Bb8 47. Bf4 f6
48. Kg3 Be2 49. Kxh3 Bxc4 50. Kg3 Bf1 51. exf6 Bxf4+ 52. Kxf4 c4 53. Ke3 Bd3
54. Ba2 Kf7 55. Kd4 Kxf6 56. Kc3 b1=Q 57. Bxb1 Bxb1 58. Kxc4 1/2-1/2

[Event "XVI Festival A"]
[Site "Padova ITA"]
[Date "2013.12.21"]
[Round "8"]
[White "De Santis, Alessio"]
[Black "Boscolo, Federico"]
[WhiteElo "2282"]
[BlackElo "2295"]
[Result "1/2-1/2"]
[PlyCount "92"]
[EventDate "2013.12.15"]

1. d4 Nf6 2. c4 g6 3. Nc3 Bg7 4. e4 d6 5. Be2 O-O 6. Bg5 Na6 7. h4 e5 8. d5 h6
9. Be3 Nc5 10. Bf3 a5 11. g4 Qd7 12. g5 Ng4 13. Bxg4 Qxg4 14. Qxg4 Bxg4 15. f3
Bh5 16. gxh6 Bh8 17. Kd2 f5 18. b3 Na6 19. Rh2 f4 20. Bf2 Kh7 21. Rh3 Kxh6 22.
Nge2 Bf6 23. Nc1 Kg7 24. Nd3 Rh8 25. a3 Bxf3 26. Rxf3 Bxh4 27. Rg1 Bf6 28. Ne2
Rh2 29. Ndxf4 exf4 30. Nxf4 Nc5 31. Rxg6+ Kf7 32. Rg2 Nxe4+ 33. Kd3 Rxg2 34.
Nxg2 Nxf2+ 35. Rxf2 Rg8 36. Ne3 Ke7 37. Nf5+ Kd7 38. a4 Be5 39. Rf3 c6 40. Ne3
Kc7 41. Rf7+ Kb6 42. c5+ Kxc5 43. Rxb7 cxd5 44. Rb5+ Kc6 45. Nxd5 Rg3+ 46. Kc2
Rg2+ 1/2-1/2

[Event "XVI Festival A"]
[Site "Padova ITA"]
[Date "2013.12.21"]
[Round "8"]
[White "Dvirnyy, Danyyil"]
[Black "Kovacevic, Blazimir"]
[WhiteElo "2560"]
[BlackElo "2437"]
[Result "1/2-1/2"]
[PlyCount "82"]
[EventDate "2013.12.15"]

1. e4 c5 2. Nf3 e6 3. d4 cxd4 4. Nxd4 a6 5. Bd3 Nf6 6. O-O d6 7. c4 b6 8. Nc3
Bb7 9. b3 g6 10. Qe2 Nbd7 11. Ba3 Be7 12. Rad1 O-O 13. Kh1 Re8 14. Bb2 Bf8 15.
f4 Qc7 16. e5 dxe5 17. fxe5 Nh5 18. Be4 Bxe4 19. Nxe4 Nxe5 20. g4 Nxg4 21. Qxg4
f5 22. Nxf5 exf5 23. Rxf5 Bg7 24. Rxh5 Bxb2 25. Rd7 Qc6 26. Rhd5 Qe6 27. Qxe6+
Rxe6 28. Ng5 Re1+ 29. Kg2 h6 30. Nf3 Re2+ 31. Kf1 Re6 32. R5d6 Rae8 33. Rxe6
Rxe6 34. Nd4 Rf6+ 35. Kg2 g5 36. Nc2 Be5 37. Ne3 Re6 38. Nd5 Kf8 39. h3 a5 40.
Kf3 Bd4 41. a3 Bb2 1/2-1/2

[Event "XVI Festival A"]
[Site "Padova ITA"]
[Date "2013.12.21"]
[Round "8"]
[White "Laketic, Gojko"]
[Black "Moskalenko, Viktor"]
[WhiteElo "2447"]
[BlackElo "2538"]
[Result "0-1"]
[PlyCount "74"]
[EventDate "2013.12.15"]

1. e4 d6 2. d4 Nf6 3. Nc3 g6 4. g3 Bg7 5. Bg2 O-O 6. Nge2 c6 7. a4 a5 8. h3 e5
9. Be3 Na6 10. O-O Nb4 11. Qd2 Be6 12. Rad1 Bc4 13. Rfe1 Qc7 14. Nc1 Rad8 15.
b3 Ba6 16. N3a2 Nxa2 17. Nxa2 d5 18. exd5 Nxd5 19. Bh6 exd4 20. Bxg7 Kxg7 21.
Qxd4+ Kg8 22. Qh4 Qb6 23. c4 Nb4 24. Rxd8 Qxd8 25. Qxd8 Rxd8 26. Nxb4 axb4 27.
Re3 Rd1+ 28. Kh2 Rd2 29. Kg1 Rb2 30. h4 f5 31. Kh1 Rxf2 32. Re7 Rd2 33. Kg1 Rd3
34. h5 Rxb3 35. h6 Rxg3 36. Rg7+ Kf8 37. Rxh7 Kg8 0-1

[Event "XVI Festival A"]
[Site "Padova ITA"]
[Date "2013.12.21"]
[Round "8"]
[White "Lazic, Miroljub"]
[Black "Caprio, Guido"]
[WhiteElo "2461"]
[BlackElo "2423"]
[Result "1/2-1/2"]
[PlyCount "86"]
[EventDate "2013.12.15"]

1. c4 e5 2. g3 Nc6 3. Bg2 Bc5 4. Nc3 d6 5. Na4 Nge7 6. Nxc5 dxc5 7. d3 O-O 8.
Nf3 f6 9. O-O Be6 10. Be3 b6 11. Nd2 Qd7 12. a3 Bh3 13. f3 Be6 14. Bf2 a5 15.
Ne4 f5 16. Ng5 f4 17. Nxe6 Qxe6 18. e3 Rad8 19. Qe2 Qd7 20. Rad1 Rf6 21. Rfe1
Ng6 22. Qc2 Rd6 23. Bf1 Nge7 24. Qc1 fxg3 25. hxg3 e4 26. f4 Nf5 27. Qc3 Ncd4
28. Bg2 Nf3+ 29. Bxf3 exf3 30. e4 Nh4 31. f5 Ng2 32. e5 Nxe1 33. exd6 Ng2 34.
d4 Qxf5 35. dxc7 Re8 36. Qd3 Qh5 37. c8=Q Rxc8 38. Qe4 Kh8 39. Rd3 cxd4 40.
Qxf3 Qxf3 41. Rxf3 Ne3 42. Bxe3 dxe3 43. Rxe3 Kg8 1/2-1/2

[Event "XVI Festival A"]
[Site "Padova ITA"]
[Date "2013.12.21"]
[Round "8"]
[White "Mogranzini, Roberto"]
[Black "Del Monaco, Andrea"]
[WhiteElo "2506"]
[BlackElo "2295"]
[Result "1-0"]
[PlyCount "117"]
[EventDate "2013.12.15"]

1. Nf3 c5 2. c4 g6 3. g3 Bg7 4. Bg2 Nc6 5. Nc3 d6 6. O-O e5 7. a3 a5 8. d3 Nge7
9. Rb1 O-O 10. Bd2 Rb8 11. Ne1 Be6 12. Nc2 d5 13. cxd5 Nxd5 14. Ne3 Nde7 15.
Na4 b6 16. b4 cxb4 17. axb4 Nd4 18. bxa5 bxa5 19. Rxb8 Qxb8 20. Nc5 Bc8 21. Nc4
Qc7 22. Ne4 Nec6 23. e3 Ne6 24. Qb1 Bd7 25. Qb6 Qxb6 26. Nxb6 Rd8 27. Nd6 Nc5
28. Nxf7 Kxf7 29. Nxd7 Rxd7 30. Bxc6 Rxd3 31. Bxa5 Bf8 32. Bb5 Ra3 33. Bb4 Ra7
34. Rd1 Ne4 35. Be1 Rc7 36. Ra1 Bc5 37. h4 Ke7 38. Kg2 Ra7 39. Rc1 Kd6 40. Rd1+
Ke7 41. Bc6 Nf6 42. Kf1 Ra2 43. Bf3 Bd6 44. g4 Ra4 45. g5 Nh5 46. Rb1 Rxh4 47.
Rb7+ Ke6 48. Bc6 Bc5 49. Bd7+ Kd6 50. Bc8 Rh1+ 51. Ke2 Rg1 52. Rxh7 Rxg5 53.
Rf7 Rg1 54. Ba5 Kc6 55. Bd8 Bd6 56. Ra7 Kd5 57. Ra5+ Kc6 58. Ra6+ Kd5 59. Bb7+
1-0

[Event "XVI Festival A"]
[Site "Padova ITA"]
[Date "2013.12.21"]
[Round "8"]
[White "Petkov, Vladimir"]
[Black "Godena, Michele"]
[WhiteElo "2558"]
[BlackElo "2509"]
[Result "1/2-1/2"]
[PlyCount "42"]
[EventDate "2013.12.15"]

1. d4 d5 2. c4 c6 3. Nf3 Nf6 4. Nc3 e6 5. g3 dxc4 6. Bg2 Nbd7 7. O-O Be7 8. a4
a5 9. e4 O-O 10. Qe2 b6 11. Rd1 Ba6 12. Bf4 Re8 13. h3 Rc8 14. g4 Nf8 15. Bg3
Bb4 16. Ne5 Ng6 17. Na2 Bf8 18. Nxc4 Nd5 19. Bf1 Ndf4 20. Bxf4 Nxf4 21. Qf3
Bxc4 1/2-1/2

[Event "XVI Festival A"]
[Site "Padova ITA"]
[Date "2013.12.21"]
[Round "8"]
[White "Rombaldoni, Axel"]
[Black "Naumkin, Igor"]
[WhiteElo "2527"]
[BlackElo "2445"]
[Result "1-0"]
[PlyCount "103"]
[EventDate "2013.12.15"]

1. e4 e5 2. Nf3 Nc6 3. Bb5 a6 4. Ba4 Nf6 5. O-O Nxe4 6. d4 b5 7. Bb3 d5 8. dxe5
Be6 9. Be3 Be7 10. Nbd2 Nc5 11. c3 Qd7 12. Bc2 h6 13. Re1 Rd8 14. Nf1 Ne4 15.
Nd4 Nxd4 16. cxd4 c5 17. f3 cxd4 18. Bxd4 Nc5 19. Ne3 g6 20. b4 Na4 21. Qd2 Qb7
22. f4 Nb6 23. f5 gxf5 24. Nxf5 Nc4 25. Qc3 Rc8 26. Nxe7 Qxe7 27. Bc5 Rxc5 28.
bxc5 Qxc5+ 29. Kh1 Rg8 30. Rac1 Rg5 31. Qf3 Nxe5 32. Qf4 Qc4 33. Be4 Qd4 34.
Qf6 Kd7 35. Rcd1 Qc4 36. Bxd5 Bxd5 37. Rxe5 Rxe5 38. Qxe5 Kc6 39. Qf6+ Kc7 40.
Qe7+ Kc6 41. Qe8+ Kc7 42. Qe3 Qxa2 43. Qe7+ Kc6 44. Rc1+ Bc4 45. Qxf7 Qd2 46.
Qf3+ Kc5 47. Rd1 Qg5 48. Qf8+ Kb6 49. Qd6+ Kb7 50. Re1 Be2 51. Qd7+ Kb6 52.
Qe6+ 1-0

[Event "XVI Festival A"]
[Site "Padova ITA"]
[Date "2013.12.22"]
[Round "9"]
[White "Bove, Alessandro"]
[Black "Stella, Andrea"]
[WhiteElo "2371"]
[BlackElo "2454"]
[Result "1/2-1/2"]
[PlyCount "33"]
[EventDate "2013.12.15"]

1. d4 Nf6 2. Nf3 g6 3. Nbd2 d5 4. b4 Bg7 5. e3 O-O 6. c4 c6 7. a4 Ne4 8. Qb3
Nxd2 9. Bxd2 Bf5 10. Rc1 Be4 11. cxd5 Bxd5 12. Bc4 Bxc4 13. Qxc4 Nd7 14. O-O e5
15. dxe5 Nxe5 16. Nxe5 Bxe5 17. Bc3 1/2-1/2

[Event "XVI Festival A"]
[Site "Padova ITA"]
[Date "2013.12.22"]
[Round "9"]
[White "Caprio, Guido"]
[Black "Bruno, Fabio"]
[WhiteElo "2423"]
[BlackElo "2414"]
[Result "0-1"]
[PlyCount "68"]
[EventDate "2013.12.15"]

1. d4 Nf6 2. c4 e6 3. Nc3 Bb4 4. e3 b6 5. Nge2 c5 6. a3 Ba5 7. Rb1 Na6 8. f3
O-O 9. Kf2 d5 10. cxd5 exd5 11. g4 Bxc3 12. bxc3 Nc7 13. Ng3 Nfe8 14. dxc5 bxc5
15. e4 Be6 16. Be3 Qe7 17. Nf5 Bxf5 18. exf5 d4 19. cxd4 Nd5 20. Qd2 Qh4+ 21.
Kg2 Nxe3+ 22. Qxe3 cxd4 23. Qxd4 Rd8 24. Qf2 Qh6 25. Rb2 Nf6 26. Bc4 Qf4 27.
Ba2 h5 28. h3 Rd3 29. Re1 hxg4 30. fxg4 Qh6 31. h4 Nxg4 32. Qc5 Qf4 33. Qe7
Qh2+ 34. Kf1 Rf3+ 0-1